Звичайний вигляд
Перегляд у МАРК
Входження „Personal Name“
Кількість записів, які використовуються: 1
001 - CONTROL NUMBER
- control field: 16348
003 - CONTROL NUMBER IDENTIFIER
- control field: UA-OsUOA
005 - DATE AND TIME OF LATEST TRANSACTION
- control field: 20241001145406.0
008 - FIXED-LENGTH DATA ELEMENTS
- fixed length control field: 241001|| aca||aabn | a|a d
040 ## - CATALOGING SOURCE
- Original cataloging agency: UA-OsUOA
- Transcribing agency: UA-OsUOA
100 ## - HEADING--PERSONAL NAME
- Personal name: Холоденко Н. О
670 ## - SOURCE DATA FOUND
- Source citation: Work cat.: (UA-OsUOA)577381: Холоденко Н. О., Організація наукового забезпечення діяльності судів, 2021